000 00433nam a2200181Ia 4500
001 4059
005 20260306145728.0
008 260306t2007||||xx |||||||||||||| ||spa||
041 _aESP
082 _a306.85
_bH12 Nº 22
100 _aJordán de Urríes, Blanca
_eAUT
245 0 _aTus hijos de 1 a 3 años
260 _c2007
300 _a264 páginas :
_c19 cm.
650 _aGEN
654 _aCED
942 _cLIB
_dJUS
_fJUS
_2ddc
_n
999 _c4059
_d4059